03772nam a2200901 4500003000900000005001700009008004100026040002800067041000800095044000700103110004000110245002600150250001200176260005800188300004800246505001100294505002800305505004500333505005200378505002500430505002700455505003700482505004800519505011000567505005500677505004900732505002300781505004000804505002800844505003800872505005700910505002800967505003600995505004101031505003501072505002301107505004501130505002501175505003201200505003501232505002901267505002401296505003901320505003801359505002701397505003801424505003901462505002801501505005001529505002801579505002401607505004401631505004101675505001501716505004801731505005301779505003901832505003001871505004001901505003701941505003601978505004002014505005202054505003802106505003202144505003102176505005002207505007802257505005102335505004602386505004102432505006102473505008502534505005802619505004502677505004502722505010302767AR-RoUNA20260527120718.0260527b |||||||| |||| 00| 0 spa d aAR-RoUNAbspadAR-RoUNA aeng aag2 aEspaña. Ayuntamiento de Barcelona10aThe city of Barcelona a1a. ed. aEspaña (Barcelona):bAjuntament de Barcelona,c1993 a63 p.:bfot. col.bCuadrosbmapasc28x22 cm0 tINDICE0 tUN MENSAJE DEL ALCALDE0 t1. LA CIUDAD Y SU ÁREA METROPOLITANA 0 r1.1. Ubicación, tamaño y población. p. 130 a1.2. Historia. p. 140 a1.3. Economía. p. 160 aa. Producto Interno Bruto. p. 160 a b. Ingreso disponible per cápita. p. 17 0 ac. Estructura industrial: situación actual y perspectivas futuras de las principales industrias. p. 17 0 ad. Evolución de la producción industrial p. 180 ae. Flujos de inversión extranjera. p. 19 0 t2. EL AYUNTAMIENTO0 a 2.1. El Gobierno Municipal. p. 23 0 a2.2. Presupuesto. p. 240 a2.3. El Plan Estratégico. p. 240 a2.4. Programa de Acción Municipal 1992-1995. p. 260 t3. PLANIFICACION URBANA0 a3.1. La ciudad olimpica. p. 290 a3.2. Nuevos proyectos urbanos. p. 300 a3.3. Parques y jardines. p. 310 t4. INFRAESTRUCTURA0 a4.1. Transporte / infraestructuras. p.350 aa. Autopistas. p. 350 a b. Caminos locales. p. 35 0 ac. Transporte público. p.35 0 a d. El aeropuerto. p. 360 ae. El puerto. p. 360 a4.2. Infraestructuras comerciales.0 aa. La Feria de Barcelona. P. 37 0 a b. Mercabarna. P. 380 ac. Mercados Municipales. p. 38 0 a4.3. Infraestructuras industriales0 a4.4. Telecomunicaciones0 t5. EDUCACION. CULTURA E INSTALACIONES DEPORTE0 a5.1. Educación. p. 430 a5.2. Cultura. p. 430 a5.3. Celebraciones tradicionales. p. 440 a5.4. Instalaciones deportivas. p. 440 t6. TURISMO0 a6.1. Oficina de Turismo de Barcelona. p. 470 a6.2. Oficina de Convenciones de Barcelona. p. 470 a6.3. Alojamiento de Hoteles. p. 470 a6.4. Gastronomía. p. 470 t7. SALUD PUBLICA Y BIENESTAR SOCIAL0 a7.1. Asistencia sanitaria. p. 510 a 7.2. Bienestar social. p. 51 0 t8. SEGURIDAD Y PROTECCIÓN CIVIL 0 a8.1. Servicios de protección civil. pág. 550 a 8.2. Policía municipal. p. 55 0 a 8.3. Mantenimiento. p. 55 0 t9. PROMOCIONANDO LA CIUDAD0 a9.1. Barcelona: la ciudad del mundo. p. 60 0 a9.2. Barcelona: miembro de todas las principales redes de ciudades. p. 600 a9.3. Barcelona: Centro de fabricación. p. 600 a9.4. Barcelona: Centro logístico. p. 600 a9.5. Barcelona: Centro ferial. p. 610 a9.6. Barcelona: Centro médico y farmacéutico. p. 61 0 a9.7. Barcelona: Capital de la ingeniería, la arquitectura y el diseño. p. 610 a9.8. Barcelona: Centro de educación superior. p. 620 a9.9. Barcelona: Centro financiero. p. 620 a9.10. Barcelona: Capital cultural. p. 620 a9.11. Barcelona: Asociaciones empresariales: una fuerza vital en la economía de la ciudad. p. 63